Language Quiz

Random Language or Spanish Quiz

7A Clickable Vocabulary Quiz Stats

Quiz not verified by Sporcle

Challenge
Share
Tweet
Embed
Score 0/53 Timer 10:00
0 Plays Today
% Correct
to enter
85.4%
blouse
85.4%
boots
83.3%
jeans
81.3%
pants
81.3%
clothing store
79.2%
shoes
79.2%
shorts
77.1%
bathing suit
77.1%
How much does _____ cost?
77.1%
five hundred
77.1%
How does it fit you?
75%
three hundred
75%
four hundred
75%
six hundred
75%
seven hundred
75%
eight hundred
75%
nine hundred
75%
a thousand
75%
to buy
72.9%
How can I help you?
72.9%
socks
72.9%
shirt
72.9%
It fits you well
72.9%
price
72.9%
Let’s go!
72.9%
salesperson
70.8%
% Correct
store
70.8%
sweater
70.8%
It fits me well
70.8%
new
70.8%
to cost
70.8%
coat
68.8%
cap
68.8%
How does it fit me?
68.8%
two hundred
68.8%
jacket
66.7%
suit
66.7%
to be correct
66.7%
T-shirt
64.6%
skirt
64.6%
Excuse me.
64.6%
dress
60.4%
to wear
60.4%
so much
60.4%
both
58.3%
to look for
54.2%
sweatshirt
54.2%
this
54.2%
those
52.1%
that
50%
these
47.9%
maybe
45.8%

You're not logged in!

Compare scores with friends on all Sporcle quizzes.
Join for Free
OR
Log In

You Might Also Like...

Show Comments

Extras

Top Quizzes Today


Score Distribution

Your Account Isn't Verified!

In order to create a playlist on Sporcle, you need to verify the email address you used during registration. Go to your Sporcle Settings to finish the process.

Report this User

Report this user for behavior that violates our Community Guidelines.

Details: